[Event "US Championship (Women Playoff)"]
[Site "St Louis, MO USA"]
[Date "2011.04.22"]
[EventDate "2011.04.22"]
[Round "1"]
[Result "0-1"]
[White "Sabina-Francesca Foisor"]
[Black "Anna Zatonskih"]
[WhiteElo "2350"]
[BlackElo "2499"]
[PlyCount "131"]

1. d4 d5 2. c4 e6 3. Nc3 Be7 4. cxd5 exd5 5. Bf4 c6 6. e3 Bd6
7. Bg3 Ne7 8. Bd3 Bf5 9. Nge2 O-O 10. Bxf5 Nxf5 11. Qd3 Qf6
12. O-O-O Nd7 13. Kb1 Rfe8 14. e4 dxe4 15. Nxe4 Qg6 16. N2c3
Bb4 17. a3 Bxc3 18. Nxc3 Rad8 19. Qc2 Nb6 20. Be5 f6 21. g4
fxe5 22. gxf5 Qf6 23. dxe5 Qxe5 24. Rxd8 Rxd8 25. Ne2 Nd5
26. Ng3 h6 27. Rd1 Rf8 28. Qb3 Kh8 29. Ka1 b6 30. Qc2 Ne7
31. Rd3 Nxf5 32. Rf3 Qe1+ 33. Ka2 Qe6+ 34. Ka1 Qe1+ 35. Qb1
Qxb1+ 36. Kxb1 g6 37. h4 Kg7 38. h5 Nxg3 39. Rxg3 g5 40. Rc3
c5 41. f3 Rf4 42. Rd3 c4 43. Re3 Kf7 44. Kc2 Rh4 45. Kc3 Rxh5
46. Kxc4 Rh2 47. b4 h5 48. Re5 Rg2 49. Kb5 h4 50. f4 h3
51. fxg5 h2 52. Re1 Rg1 53. g6+ Kxg6 54. Re6+ Kf7 55. Rh6 h1=Q
56. Rxh1 Rxh1 57. Ka6 Ra1 58. Kxa7 b5 59. Kb6 Rxa3 60. Kxb5
Ke7 61. Kc6 Kd8 62. b5 Kc8 63. Kb6 Kb8 64. Kc6 Rh3 65. Kb6
Rh6+ 66. Ka5 0-1

[Event "US Championship (Women Playoff)"]
[Site "St Louis, MO USA"]
[Date "2011.04.22"]
[EventDate "2011.04.22"]
[Round "2"]
[Result "1-0"]
[White "Anna Zatonskih"]
[Black "Sabina-Francesca Foisor"]
[WhiteElo "2499"]
[BlackElo "2350"]
[PlyCount "87"]

1. e4 c5 2. d3 e6 3. g3 d5 4. exd5 exd5 5. Bg2 Nf6 6. Ne2 Bg4
7. h3 Be6 8. O-O Bd6 9. d4 Nc6 10. dxc5 Bxc5 11. Nd2 Qd7
12. Nf4 O-O 13. Nb3 Bb6 14. c3 Rad8 15. Nxe6 fxe6 16. Qe2 e5
17. Bg5 Qf5 18. Bxf6 Qxf6 19. Rad1 e4 20. c4 e3 21. c5 Bc7
22. Qxe3 Qxb2 23. Bxd5+ Kh8 24. Bxc6 Rxd1 25. Rxd1 bxc6
26. Nd4 h6 27. Nxc6 Qxa2 28. Rd7 Qb1+ 29. Kg2 Qb7 30. Qe4 Rf6
31. Re7 Qxc6 32. Re8+ Qxe8 33. Qxe8+ Kh7 34. Qe4+ Kg8 35. Qa8+
Kh7 36. Qe4+ Kg8 37. Qa8+ Kh7 38. Qxa7 Be5 39. Qe7 Rf5 40. c6
h5 41. c7 Bxc7 42. Qxc7 Rf6 43. Qe5 h4 44. Qe4+ 1-0

[Event "US Championship (Women Knock-Out)"]
[Site "St Louis, MO USA"]
[Date "2011.04.23"]
[EventDate "2011.04.23"]
[Round "1.1"]
[Result "1-0"]
[White "Anna Zatonskih"]
[Black "Irina Krush"]
[WhiteElo "2499"]
[BlackElo "2472"]
[PlyCount "73"]

1. e4 c5 2. c3 d5 3. exd5 Qxd5 4. d4 Nf6 5. Na3 cxd4 6. Nb5
Na6 7. Qxd4 e5 8. Qa4 Bd7 9. Be3 Rc8 10. Rd1 Qe6 11. Qb3 Qxb3
12. axb3 Nc7 13. Nxc7+ Rxc7 14. Bxa7 b5 15. Bb8 Rc6 16. b4 Rb6
17. Bc7 Rc6 18. Bb8 Rb6 19. Ba7 Ra6 20. Be3 Bd6 21. Nf3 Ke7
22. Be2 Rc8 23. O-O Ng4 24. Bc1 e4 25. Rfe1 Kf8 26. Ng5 e3
27. Bxg4 exf2+ 28. Kxf2 Bxg4 29. Rd4 h5 30. h3 Bf5 31. Bf4 Be7
32. Rd5 Bg6 33. Nf3 Ra2 34. Rd2 Bf5 35. Re5 g6 36. Bh6+ Ke8
37. Bg5 1-0

[Event "US Championship (Women Knock-Out)"]
[Site "St Louis, MO USA"]
[Date "2011.04.25"]
[EventDate "2011.04.23"]
[Round "1.3"]
[Result "0-1"]
[White "Irina Krush"]
[Black "Anna Zatonskih"]
[WhiteElo "2472"]
[BlackElo "2499"]
[PlyCount "138"]

1. d4 d5 2. c4 e6 3. Nc3 Be7 4. cxd5 exd5 5. Bf4 Nf6 6. e3 Bf5
7. Qb3 Nc6 8. g4 Nxg4 9. Qxd5 Qxd5 10. Nxd5 Bb4+ 11. Nxb4 Nxb4
12. Rc1 c6 13. a3 Nd5 14. h3 Ngf6 15. Be5 Nd7 16. Bh2 O-O
17. Ne2 Rfe8 18. Nc3 N7b6 19. Rg1 Rad8 20. Kd2 Nf6 21. b4 Nbd5
22. Nxd5 cxd5 23. f3 Rc8 24. Bc7 Nd7 25. h4 Nf8 26. Bb5 Bd7
27. Bd3 Ng6 28. h5 Nh4 29. Rgf1 Nf5 30. Bf4 Rxc1 31. Rxc1 Rc8
32. Rc5 Ne7 33. b5 Be6 34. a4 g6 35. h6 Kf8 36. Bc2 b6
37. Rxc8+ Nxc8 38. Bg5 Nd6 39. Kc3 Ke8 40. e4 Kd7 41. Kd3
dxe4+ 42. fxe4 Nxe4 43. Kxe4 Bf5+ 44. Ke5 Bxc2 45. Kf6 Ke8
46. Kg7 f6 47. Bxf6 g5 48. Bxg5 Kd7 49. Bf4 Bxa4 50. Kxh7 Bxb5
51. Kg7 Bd3 52. h7 Bxh7 53. Kxh7 Ke6 54. Kg6 Kd5 55. Kf5 Kxd4
56. Bc7 Kc4 57. Ke4 b5 58. Ke3 Kc3 59. Ba5+ Kb3 60. Kd2 Ka4
61. Bc3 a5 62. Kc2 b4 63. Be5 Ka3 64. Bb2+ Ka2 65. Bd4 b3+
66. Kc1 a4 67. Bb2 a3 68. Bxa3 Kxa3 69. Kb1 b2 0-1

[Event "US Championship (Women Knock-Out)"]
[Site "St Louis, MO USA"]
[Date "2011.04.25"]
[EventDate "2011.04.23"]
[Round "1.4"]
[Result "0-1"]
[White "Anna Zatonskih"]
[Black "Irina Krush"]
[WhiteElo "2499"]
[BlackElo "2472"]
[PlyCount "92"]

1. d4 d6 2. e4 g6 3. Nf3 Bg7 4. Bc4 Nf6 5. Qe2 O-O 6. O-O c6
7. Bb3 Bg4 8. Nbd2 Na6 9. h3 Bd7 10. Re1 Nc7 11. e5 Nfd5
12. Ne4 Bf5 13. c4 Bxe4 14. Qxe4 Nb6 15. Qe2 a5 16. Bg5 d5
17. c5 Nd7 18. Bd2 Ne6 19. Qd3 a4 20. Bc2 b6 21. cxb6 Qxb6
22. Bc3 Rfd8 23. h4 c5 24. dxc5 Ndxc5 25. Qe3 a3 26. b3 Rac8
27. Rad1 Qb5 28. Bb1 Na6 29. Nd4 Nxd4 30. Bxd4 e6 31. Bd3 Qb7
32. Bb6 Rf8 33. Bxa6 Qxa6 34. Rc1 Bxe5 35. Bc5 Bd6 36. Bd4
Rxc1 37. Qxc1 Rc8 38. Qd2 Qc6 39. h5 Qc2 40. Qe3 Qxa2 41. hxg6
hxg6 42. Bf6 Bf8 43. Ra1 Qc2 44. Rxa3 Qc1+ 45. Qxc1 Rxc1+
46. Kh2 Bxa3 0-1

[Event "US Championship (Women Knock-Out)"]
[Site "St Louis, MO USA"]
[Date "2011.04.25"]
[EventDate "2011.04.23"]
[Round "1.5"]
[Result "0-1"]
[White "Irina Krush"]
[Black "Anna Zatonskih"]
[WhiteElo "2472"]
[BlackElo "2499"]
[PlyCount "70"]

1. d4 d5 2. c4 e6 3. Nc3 Be7 4. cxd5 exd5 5. Bf4 Nf6 6. e3 Bf5
7. Qb3 Nc6 8. g4 Nxg4 9. Qxd5 Qxd5 10. Nxd5 Bb4+ 11. Nxb4 Nxb4
12. Rc1 c6 13. a3 Nd3+ 14. Bxd3 Bxd3 15. f3 Nf6 16. Kd2 Bg6
17. Ne2 O-O 18. h4 Rfe8 19. e4 Nh5 20. Rhg1 f5 21. e5 Rad8
22. Bh2 Bf7 23. Rg5 g6 24. Rg2 Ng7 25. Ke3 Ne6 26. Bf4 Rd5
27. b4 a5 28. Kd3 Red8 29. Bg5 Nxg5 30. hxg5 axb4 31. axb4
Rxe5 32. Rc5 Re7 33. b5 Bd5 34. Rf2 b6 35. Rc1 cxb5 0-1

[Event "US Championship (Women Knock-Out)"]
[Site "St Louis, MO USA"]
[Date "2011.04.26"]
[EventDate "?"]
[Round "2.1"]
[Result "1/2-1/2"]
[White "Tatev Abrahamyan"]
[Black "Anna Zatonskih"]
[WhiteElo "2326"]
[BlackElo "2499"]
[PlyCount "83"]

1. e4 e6 2. d4 d5 3. e5 c5 4. c3 Nc6 5. Nf3 Qb6 6. Bd3 cxd4
7. cxd4 Bd7 8. O-O Nxd4 9. Nbd2 Nxf3+ 10. Nxf3 Ne7 11. Be3 Qd8
12. Bc5 Nc6 13. Bxf8 Kxf8 14. Qd2 Qa5 15. Qg5 h6 16. Qg3 Nb4
17. Rfd1 Bb5 18. Bxb5 Qxb5 19. Qf4 Nc6 20. Rac1 Kg8 21. h4 Rf8
22. Qe3 f6 23. Rd2 Qb6 24. Qe2 fxe5 25. Nxe5 Nxe5 26. Qxe5 Kh7
27. Rc7 Rhg8 28. Re2 Rc8 29. Rf7 Qb4 30. Rf4 Rc1+ 31. Kh2 Rc4
32. Rxc4 Qxc4 33. g3 Qxa2 34. Qxe6 Qc4 35. Qf5+ Kh8 36. Re7
Qb4 37. Qe5 d4 38. Re6 Qd2 39. Kh3 Kh7 40. Qe4+ Kh8 41. Qe5
Kh7 42. Qe4+ 1/2-1/2

[Event "US Championship (Women Knock-Out)"]
[Site "St Louis, MO USA"]
[Date "2011.04.27"]
[EventDate "?"]
[Round "2.2"]
[Result "1/2-1/2"]
[White "Anna Zatonskih"]
[Black "Tatev Abrahamyan"]
[WhiteElo "2499"]
[BlackElo "2326"]
[PlyCount "139"]

1. d4 Nf6 2. Nf3 g6 3. c4 Bg7 4. Nc3 O-O 5. g3 d6 6. Bg2 Nc6
7. O-O a6 8. b3 Rb8 9. Nd5 e6 10. Nxf6+ Bxf6 11. Bb2 Bg7
12. Qd2 Ne7 13. Rfe1 b5 14. Rac1 Bb7 15. Ba3 Be4 16. Red1 Qd7
17. Ne1 Bxg2 18. Nxg2 f5 19. e3 Bh6 20. Qc2 b4 21. Bb2 a5
22. d5 e5 23. f4 Bg7 24. e4 fxe4 25. fxe5 dxe5 26. Qxe4 Nf5
27. Re1 Rbe8 28. Rcd1 Nd4 29. Bxd4 exd4 30. Qd3 Qg4 31. Rxe8
Rxe8 32. Re1 Rf8 33. Rf1 Re8 34. Nf4 Re3 35. Qd1 Qg5 36. Rf3
Qe5 37. Rxe3 dxe3 38. Qe2 Qe4 39. Qd3 Qe5 40. Kg2 Bf8 41. Kf3
g5 42. Ne2 Bc5 43. Qe4 Qf6+ 44. Kg4 Kg7 45. h4 gxh4 46. gxh4
Bd6 47. Qf5 Be7 48. Qxf6+ Kxf6 49. Kf4 Bc5 50. Ke4 Kg6
51. Nf4+ Kf6 52. Ne2 Bb6 53. Ng3 Ba7 54. Nh5+ Kg6 55. Nf4+ Kf6
56. Kf3 Ke5 57. Ng2 Kd4 58. Nxe3 Kc3 59. Ke4 Kb2 60. c5 Bxc5
61. Nc4+ Kxa2 62. Nxa5 Bb6 63. Nc4 Bf2 64. d6 cxd6 65. Nxd6
Bxh4 66. Nf5 Kxb3 67. Nxh4 Ka2 68. Nf3 Kb2 69. Nd4 h5 70. Nc6
1/2-1/2

[Event "US Championship (Women Knock-Out)"]
[Site "St Louis, MO USA"]
[Date "2011.04.28"]
[EventDate "2011.04.26"]
[Round "2.3"]
[Result "0-1"]
[White "Tatev Abrahamyan"]
[Black "Anna Zatonskih"]
[WhiteElo "2326"]
[BlackElo "2499"]
[PlyCount "121"]

1. e4 e6 2. d4 d5 3. e5 c5 4. c3 Nc6 5. Nf3 Qb6 6. a3 Nh6
7. b4 cxd4 8. cxd4 Nf5 9. Bb2 Bd7 10. g4 Nfe7 11. Nc3 Na5
12. Qc2 Nc4 13. Bxc4 dxc4 14. Nd2 Qc6 15. Nce4 c3 16. Bxc3 Nd5
17. O-O h5 18. g5 Rc8 19. Rac1 Nf4 20. Kh1 Ne2 21. Qd3 Nxc1
22. Rxc1 Be7 23. f3 Qd5 24. Rg1 g6 25. Qe3 Qa2 26. d5 Qxd5
27. Nd6+ Kf8 28. Nxc8 Bxc8 29. Ne4 Bd7 30. Nd6 Bc6 31. Rf1 Kg7
32. Rf2 Qb3 33. Qf4 Rf8 34. Bd4 b6 35. Kg2 Qxa3 36. Rc2 Bxg5
37. Qg3 h4 38. Qg4 Bd5 39. b5 Qd3 40. Rf2 Be7 41. h3 a6
42. bxa6 Qxa6 43. Qf4 Qd3 44. Be3 g5 45. Qd4 Qxd4 46. Bxd4 Rb8
47. Rb2 Kg6 48. Rxb6 Rxb6 49. Bxb6 f5 50. Kf2 Bc6 51. Be3 Bd5
52. Bd4 Bd8 53. Ne8 Ba5 54. Nf6 Bc6 55. Bb2 Bd2 56. Bd4 Bf4
57. Bb2 Bg3+ 58. Ke2 Bb5+ 59. Ke3 Bf1 60. Bd4 Bxh3 61. Ke2 0-1

[Event "US Championship (Women Knock-Out)"]
[Site "St Louis, MO USA"]
[Date "2011.04.28"]
[EventDate "2011.04.26"]
[Round "2.4"]
[Result "0-1"]
[White "Anna Zatonskih"]
[Black "Tatev Abrahamyan"]
[WhiteElo "2499"]
[BlackElo "2326"]
[PlyCount "148"]

1. e4 c5 2. c3 d5 3. exd5 Qxd5 4. d4 Nc6 5. Nf3 Nf6 6. dxc5
Qxc5 7. Be3 Qa5 8. Nbd2 e6 9. Nc4 Qc7 10. Qd2 Nd5 11. Bg5 Bc5
12. Bh4 O-O 13. Bg3 Qe7 14. Bd3 b5 15. Nce5 Nxe5 16. Bxe5 a6
17. O-O Bb7 18. Rfe1 Rad8 19. Bg3 f6 20. Qc2 g6 21. a4 Qd7
22. axb5 axb5 23. Rad1 Kg7 24. Qe2 e5 25. Bxb5 Qf7 26. Bc4
Rfe8 27. Qc2 Qc7 28. Qb3 Nb6 29. Bb5 Rxd1 30. Rxd1 Re7 31. Qc2
Nc8 32. Qe2 Nd6 33. Ba6 Bxf3 34. Qxf3 Qb6 35. Qd5 Nf5 36. b4
Bxb4 37. cxb4 Qxa6 38. b5 Qb6 39. Qc4 Nd4 40. Rb1 Rc7 41. Qf1
Rc5 42. Kh1 Rxb5 43. Rxb5 Nxb5 44. f3 Nd6 45. Bf2 Qc6 46. Bg1
Qd5 47. Qe2 f5 48. Qb2 g5 49. Qb6 e4 50. fxe4 fxe4 51. Qc7+
Kg6 52. Qd8 Qe6 53. Be3 h6 54. Qb6 Qd5 55. Bg1 Kf5 56. Qf2+
Ke6 57. Qf8 Nf7 58. Qe8+ Kf6 59. Qa4 Nd6 60. Qd7 Qe5 61. Qd8+
Kf7 62. Qc7+ Qe7 63. Qc3 Nf5 64. Qb3+ Qe6 65. Qb7+ Kg6 66. Qb2
e3 67. Qe2 Qe4 68. Qb5 e2 69. Qb6+ Kh5 70. Qc7 e1=Q 71. Qf7+
Kh4 72. h3 Ng3+ 73. Kh2 Qxg1+ 74. Kxg1 Qe1+ 0-1

[Event "US Championship (Women Knock-Out)"]
[Site "St Louis, MO USA"]
[Date "2011.04.28"]
[EventDate "2011.04.26"]
[Round "2.5"]
[Result "1/2-1/2"]
[White "Tatev Abrahamyan"]
[Black "Anna Zatonskih"]
[WhiteElo "2326"]
[BlackElo "2499"]
[PlyCount "155"]

1. e4 e6 2. d4 d5 3. e5 c5 4. c3 Nc6 5. Nf3 Qb6 6. a3 Nh6
7. b4 cxd4 8. cxd4 Nf5 9. Bb2 Bd7 10. g4 Nfe7 11. Nc3 Na5
12. Qc2 Nc4 13. Bxc4 dxc4 14. Nd2 Qc6 15. Nce4 c3 16. Qxc3 Nd5
17. Qb3 Rc8 18. O-O Qc2 19. Rac1 Qxb3 20. Rxc8+ Bxc8 21. Nxb3
b6 22. Nbd2 Ba6 23. Rc1 Kd7 24. Nc4 f6 25. exf6 gxf6 26. Ne3
Be7 27. Nxd5 exd5 28. Ng3 Bd6 29. Nh5 Rf8 30. Re1 Bd3 31. Bc1
Bg6 32. Bh6 Rf7 33. Nf4 Bxf4 34. Bxf4 Rf8 35. Kg2 Re8 36. Be3
Rc8 37. Bh6 Rc3 38. f3 Rxa3 39. Bg7 f5 40. Kg3 fxg4 41. Kxg4
Ra2 42. h4 Rg2+ 43. Kf4 Bd3 44. Bf6 Re2 45. Rd1 Bg6 46. Ra1
Ke6 47. Be5 Rb2 48. Rxa7 Rxb4 49. Kg5 Rb2 50. h5 Rg2+ 51. Kh6
Bd3 52. Rb7 Rb2 53. Rb8 Rb1 54. Rf8 b5 55. f4 Rf1 56. Rf6+ Ke7
57. Rb6 Rh1 58. Kg5 Rg1+ 59. Kh4 Rh1+ 60. Kg5 Rg1+ 61. Kh6 Rh1
62. Bd6+ Kf7 63. Bc5 Bg6 64. Kg5 Rxh5+ 65. Kg4 Rh1 66. Rxb5
Be4 67. Rb7+ Kg6 68. Rb6+ Kf7 69. Bd6 Rg1+ 70. Kh4 Rh1+
71. Kg3 Rg1+ 72. Kf2 Rb1 73. Ra6 Rb3 74. Be5 Rf3+ 75. Ke2 Ke7
76. Rf6 Kd7 77. Bd6 Ke8 78. Be5 1/2-1/2

[Event "1st Hangzhou Women's GM Tournament"]
[Site "Hangzhou CHN"]
[Date "2011.07.15"]
[EventDate "2011.07.14"]
[Round "2"]
[Result "1/2-1/2"]
[White "Anna Zatonskih"]
[Black "Tatiana Kosintseva"]
[WhiteElo "2522"]
[BlackElo "2557"]
[PlyCount "69"]

1. d4 Nf6 2. Nf3 g6 3. c3 Bg7 4. Bf4 O-O 5. Nbd2 d5 6. h3 Nbd7
7. e3 b6 8. Bd3 Bb7 9. Qb1 c5 10. O-O e6 11. a4 a6 12. b4 cxd4
13. cxd4 Qe7 14. Ne5 Nxe5 15. Bxe5 Rfc8 16. Qb2 Ne8 17. Bxg7
Kxg7 18. Rfc1 Nd6 19. Rxc8 Rxc8 20. Rc1 Qd7 21. Rxc8 Qxc8
22. Nb3 Bc6 23. a5 bxa5 24. bxa5 Bb5 25. Bxb5 Nxb5 26. Nc5 Nd6
27. Qb4 Nc4 28. Qb7 Qxb7 29. Nxb7 Kf6 30. Kf1 Ke7 31. Ke2 Kd7
32. Nc5+ Kd6 33. Nxa6 Nxa5 34. Kd3 Nc6 35. Kc3 1/2-1/2

[Event "1st Hangzhou Women's GM Tournament"]
[Site "Hangzhou CHN"]
[Date "2011.07.16"]
[EventDate "2011.07.14"]
[Round "3"]
[Result "1-0"]
[White "Ju Wenjun"]
[Black "Anna Zatonskih"]
[WhiteElo "2515"]
[BlackElo "2522"]
[PlyCount "81"]

1. d4 d5 2. c4 e6 3. Nf3 Nf6 4. g3 dxc4 5. Bg2 Bb4+ 6. Bd2 c5
7. Bxb4 cxb4 8. Ne5 O-O 9. Nxc4 Nc6 10. e3 e5 11. d5 b5
12. O-O bxc4 13. dxc6 Bf5 14. Qa4 Be4 15. Rd1 Qb6 16. Nd2 Bxg2
17. Kxg2 c3 18. bxc3 Rac8 19. cxb4 Rxc6 20. Rac1 Rxc1 21. Rxc1
h5 22. a3 Qe6 23. Nf3 Ne4 24. Qc6 Qxc6 25. Rxc6 Rd8 26. Rc4 f5
27. Rc7 g5 28. Rxa7 g4 29. Nxe5 Rd2 30. b5 Rxf2+ 31. Kg1 Rb2
32. a4 Nc3 33. Nc4 Rb1+ 34. Kg2 Nd5 35. Rd7 Nf6 36. Rd2 Ne4
37. Rb2 Rc1 38. b6 Nc5 39. Nd6 Na6 40. b7 Nb8 41. Nxf5 1-0

[Event "1st Hangzhou Women's GM Tournament"]
[Site "Hangzhou CHN"]
[Date "2011.07.18"]
[EventDate "2011.07.14"]
[Round "5"]
[Result "1/2-1/2"]
[White "Anna Zatonskih"]
[Black "Zhao Xue"]
[WhiteElo "2522"]
[BlackElo "2470"]
[PlyCount "164"]

1. Nf3 Nf6 2. c4 e6 3. g3 c5 4. Bg2 a6 5. O-O b5 6. d3 Bb7
7. b3 Be7 8. Bb2 O-O 9. e4 Nc6 10. Nc3 bxc4 11. e5 Ng4 12. h3
Nh6 13. dxc4 d6 14. Ne4 dxe5 15. Nxe5 Nxe5 16. Bxe5 f6 17. Bc3
Qc7 18. Qe1 Nf5 19. Rd1 Rae8 20. Nd2 e5 21. Ba5 Qc8 22. Bxb7
Qxb7 23. Qe4 Qc8 24. Qg4 g6 25. Ne4 Kg7 26. Nc3 h5 27. Qe4 Nd4
28. Kg2 Kh7 29. Nd5 f5 30. Qe3 Bf6 31. Bc3 Bg7 32. b4 cxb4
33. Bxd4 exd4 34. Qd3 a5 35. a3 bxa3 36. Ra1 Qc5 37. Rxa3 Ra8
38. Rfa1 Rfe8 39. Ra4 Ra7 40. R1a2 Rb8 41. h4 Ra6 42. Qe2 Qa7
43. Qd2 Ra8 44. Qf4 Rc8 45. Re2 Qd7 46. Rea2 Rxc4 47. Rxa5
Rxa5 48. Rxa5 Qe6 49. Qf3 Qe4 50. Ra7 Rc6 51. Re7 Qxf3+
52. Kxf3 Rd6 53. Nf4 d3 54. Re1 d2 55. Rd1 Bc3 56. Ng2 Ba5
57. Ne3 Rd4 58. Ra1 Bb4 59. Ra7+ Kg8 60. Rb7 Bc5 61. Ke2 f4
62. Nd1 Bb4 63. Kf3 fxg3 64. fxg3 Kf8 65. Rb5 Kf7 66. Re5 Bd6
67. Re3 Kf6 68. Ke2 Kf5 69. Nf2 Bb4 70. Rf3+ Ke6 71. Re3+ Kd6
72. Rd3 Kd5 73. g4 hxg4 74. Rxd4+ Kxd4 75. Nxg4 Bc3 76. Nh2
Ke4 77. Nf1 Kf4 78. Nxd2 Bxd2 79. h5 gxh5 80. Kf2 Kg4 81. Kg2
Bf4 82. Kh1 Kf3 1/2-1/2

[Event "1st Hangzhou Women's GM Tournament"]
[Site "Hangzhou CHN"]
[Date "2011.07.20"]
[EventDate "2011.07.14"]
[Round "6"]
[Result "1-0"]
[White "Nadezhda Kosintseva"]
[Black "Anna Zatonskih"]
[WhiteElo "2560"]
[BlackElo "2522"]
[PlyCount "87"]

1. e4 e6 2. d4 d5 3. Nc3 dxe4 4. Nxe4 Nd7 5. Nf3 Ngf6 6. Bd3
Nxe4 7. Bxe4 Nf6 8. Bg5 Qd6 9. Bd3 Qb4+ 10. Bd2 Qxb2 11. O-O
Qa3 12. Qe2 Qd6 13. c4 c5 14. Bc3 Be7 15. d5 exd5 16. Be5 Qd8
17. Bxf6 gxf6 18. cxd5 Bg4 19. Rab1 Rb8 20. Rfe1 Bxf3 21. Qxf3
Kf8 22. Qh5 h6 23. Re4 Bd6 24. Rbe1 Be5 25. f4 Bd6 26. Bb5 a6
27. Re8+ Qxe8 28. Bxe8 Rxe8 29. Rxe8+ Kxe8 30. Qe2+ Kd7
31. Qb2 b5 32. Qxf6 Rf8 33. Kf2 a5 34. Ke2 a4 35. Kd1 b4
36. Qf5+ Kc7 37. Qd3 Kb6 38. Qf5 Kc7 39. Kc2 Re8 40. Qxf7+ Re7
41. Qg8 Re2+ 42. Kd3 Rxa2 43. Qe8 Ra3+ 44. Ke4 1-0

[Event "1st Hangzhou Women's GM Tournament"]
[Site "Hangzhou CHN"]
[Date "2011.07.21"]
[EventDate "2011.07.14"]
[Round "7"]
[Result "1/2-1/2"]
[White "Anna Zatonskih"]
[Black "Yifan Hou"]
[WhiteElo "2522"]
[BlackElo "2575"]
[PlyCount "43"]

1. d4 Nf6 2. Nf3 e6 3. c4 d5 4. Nc3 Bb4 5. cxd5 exd5 6. Bg5
Nbd7 7. Qb3 c5 8. a3 Bxc3+ 9. Qxc3 h6 10. Bxf6 Qxf6 11. Qe3+
Qe7 12. Qxe7+ Kxe7 13. dxc5 Nxc5 14. e3 Nb3 15. Rd1 Be6
16. Bd3 Rac8 17. Nd4 Nxd4 18. exd4 Kd6 19. Kd2 Bd7 20. Rc1
Rxc1 21. Rxc1 Rc8 22. Rxc8 1/2-1/2

[Event "European Club Cup (Women)"]
[Site "Rogaska Slatina SLO"]
[Date "2011.09.26"]
[EventDate "2011.09.25"]
[Round "2.3"]
[Result "1/2-1/2"]
[White "Batkhuyag Munguntuul"]
[Black "Anna Zatonskih"]
[WhiteElo "2465"]
[BlackElo "2508"]
[PlyCount "87"]

1. e4 e6 2. d4 d5 3. exd5 exd5 4. Nf3 Nf6 5. Bd3 Bd6 6. O-O
O-O 7. Bg5 Bg4 8. Nbd2 Nbd7 9. c4 c6 10. c5 Bc7 11. Qc2 Qb8
12. Rfe1 Bh5 13. Re7 Bg6 14. Rae1 Re8 15. Rxe8+ Nxe8 16. Bh4
Nef6 17. Bg3 Bxg3 18. hxg3 Qc7 19. Bxg6 hxg6 20. Qa4 Ng4
21. b4 a6 22. a3 Ndf6 23. Qd1 Re8 24. Rxe8+ Nxe8 25. Qe2 Kf8
26. Nb3 Qc8 27. Na5 Nc7 28. a4 Ne6 29. Ne5 Nxe5 30. Qxe5 f6
31. Qe3 Kf7 32. f3 Qc7 33. Kh2 b6 34. Nb3 b5 35. a5 Qb8
36. Nc1 Qh8+ 37. Kg1 Qh6 38. Qxh6 gxh6 39. Ne2 g5 40. g4 Ng7
41. Ng3 Ke6 42. Kf1 Ke7 43. Nf5+ Nxf5 44. gxf5 1/2-1/2

[Event "European Club Cup (Women)"]
[Site "Rogaska Slatina SLO"]
[Date "2011.09.28"]
[EventDate "2011.09.25"]
[Round "4.1"]
[Result "1/2-1/2"]
[White "Anna Zatonskih"]
[Black "Dronavalli Harika"]
[WhiteElo "2508"]
[BlackElo "2505"]
[PlyCount "46"]

1. d4 Nf6 2. Nf3 e6 3. c4 b6 4. g3 Bb4+ 5. Bd2 c5 6. Bxb4 cxb4
7. Bg2 Bb7 8. O-O O-O 9. Nbd2 d6 10. Re1 Qc7 11. e4 e5 12. d5
Nbd7 13. Nh4 Nc5 14. Qe2 Rae8 15. a3 a5 16. axb4 axb4 17. Nf5
Bc8 18. Ne3 Bd7 19. Nc2 b5 20. Nxb4 Rb8 21. Rec1 bxc4 22. Qxc4
Bb5 23. Qc3 Qb6 1/2-1/2

[Event "European Club Cup (Women)"]
[Site "Rogaska Slatina SLO"]
[Date "2011.09.30"]
[EventDate "2011.09.25"]
[Round "6.2"]
[Result "1/2-1/2"]
[White "Valentina Gunina"]
[Black "Anna Zatonskih"]
[WhiteElo "2499"]
[BlackElo "2508"]
[PlyCount "177"]

1. d4 d5 2. c4 e6 3. Nf3 Nf6 4. Nc3 Be7 5. Bg5 O-O 6. e3 h6
7. Bh4 Ne4 8. Bxe7 Qxe7 9. Rc1 c6 10. Bd3 Nxc3 11. Rxc3 dxc4
12. Bxc4 Nd7 13. O-O b6 14. Bd3 c5 15. Qc2 Rb8 16. Rc1 e5
17. Bh7+ Kh8 18. Bf5 Bb7 19. Bxd7 Bxf3 20. Bh3 exd4 21. exd4
Be4 22. Qe2 cxd4 23. Rc7 Qe8 24. Bd7 d3 25. Qe3 Qd8 26. Qf4
Bg6 27. h4 Qe7 28. Rd1 Rbd8 29. Bb5 Qe2 30. Rd2 Qe1+ 31. Kh2
Rd5 32. Bc4 Rf5 33. Qe3 Qxe3 34. fxe3 Re5 35. Rxa7 Rxe3
36. Rd7 Re4 37. Bxd3 Rxh4+ 38. Kg3 Rh5 39. Bxg6 Rg5+ 40. Kh2
Rxg6 41. Rf2 f5 42. Rf4 Rc8 43. Rd2 Rf6 44. Rdf2 Rcf8 45. g4
fxg4 46. Rxf6 gxf6 47. Rf5 Kg7 48. Kg3 Ra8 49. Kxg4 Ra5
50. Rf4 Rxa2 51. Rb4 Ra6 52. Rb5 h5+ 53. Kh4 Kg6 54. b4 Ra1
55. Rxb6 Rh1+ 56. Kg3 Kg5 57. Rb8 h4+ 58. Kg2 Rb1 59. Rg8+ Kf4
60. Rh8 Kg5 61. Rb8 f5 62. b5 Kg4 63. Rg8+ Kf4 64. Rb8 h3+
65. Kxh3 Kf3 66. Kh2 f4 67. Rf8 Rxb5 68. Rf7 Rg5 69. Rf8 Ke3
70. Ra8 Rd5 71. Kg1 Rd1+ 72. Kh2 f3 73. Ra3+ Ke2 74. Ra2+ Ke3
75. Ra3+ Rd3 76. Ra1 Rd2+ 77. Kg3 Rg2+ 78. Kh3 Rd2 79. Kg3 Ke2
80. Rb1 Ra2 81. Rc1 Ra3 82. Rc2+ Ke3 83. Rf2 Ke4 84. Rf1 Rb3
85. Rf2 Rc3 86. Rf1 Ra3 87. Rf2 Ra8 88. Rxf3 Rg8+ 89. Kf2
1/2-1/2

[Event "6th International nd-Ladies Chess Gala"]
[Site "Berlin, Germany"]
[Date "2011.11.25"]
[EventDate "?"]
[Round "3"]
[Result "1-0"]
[White "Anna Zatonskih"]
[Black "Sarah Hoolt"]
[WhiteElo "2506"]
[BlackElo "2286"]
[PlyCount "63"]

1.e4 c5 2.d3 Nc6 3.g3 g6 4.Bg2 Bg7 5.f4 d6 6.Nf3 e6 7.O-O Nge7
8.c3 O-O 9.Be3 b6 10.a4 Ba6 11.Bf2 Rc8 12.Na3 Qd7 13.Re1 d5
14.e5 d4 15.c4 Nb4 16.Nb5 Nec6 17.Ng5 Ra8 18.g4 Rab8 19.Ne4
Bb7 20.Bh4 Ne7 21.Nbd6 Bc6 22.Qd2 Nc8 23.Nxc8 Rbxc8 24.Nf6+
Bxf6 25.Bxf6 h6 26.Rf1 Kh7 27.Bxc6 Nxc6 28.Qf2 Ne7 29.Qh4 Ng8
30.Rf3 Nxf6 31.exf6 Rh8 32.Qxh6+ 1-0

[Event "SportAccord Mind Games (Blindfold, Women)"]
[Site "Beijing CHN"]
[Date "2011.12.14"]
[EventDate "2011.12.14"]
[Round "2"]
[Result "1-0"]
[White "Almira Skripchenko"]
[Black "Anna Zatonskih"]
[WhiteElo "2468"]
[BlackElo "2506"]
[PlyCount "63"]

1. e4 e6 2. d3 d5 3. Nd2 Nf6 4. Ngf3 c5 5. g3 g6 6. Bg2 Bg7
7. O-O O-O 8. c3 Nc6 9. e5 Nd7 10. d4 f6 11. exf6 Qxf6 12. Nb3
c4 13. Bg5 Qf7 14. Nbd2 Kh8 15. Be3 h6 16. b3 e5 17. bxc4 dxc4
18. Qe2 exd4 19. Nxd4 Nxd4 20. Bxd4 Bxd4 21. cxd4 Nb6 22. Qe5+
Kh7 23. d5 Bf5 24. Qd4 Bd3 25. Rfe1 Rad8 26. Re5 Rd7 27. a4
Rfd8 28. Rae1 Nxd5 29. Qc5 b6 30. Qa3 Kg8 31. Bxd5 Rxd5
32. Re7 1-0

[Event "SportAccord Mind Games (Blindfold, Women)"]
[Site "Beijing CHN"]
[Date "2011.12.14"]
[EventDate "2011.12.14"]
[Round "5"]
[Result "0-1"]
[White "Pia Cramling"]
[Black "Anna Zatonskih"]
[WhiteElo "2495"]
[BlackElo "2506"]
[PlyCount "102"]

1. d4 d5 2. Nf3 Nf6 3. c4 e6 4. Nc3 Be7 5. Bg5 h6 6. Bxf6 Bxf6
7. e3 O-O 8. Rc1 c6 9. Bd3 Nd7 10. O-O Qe7 11. a3 Rd8 12. Qe2
dxc4 13. Bxc4 e5 14. d5 e4 15. Nd4 Bxd4 16. exd4 Nf6 17. dxc6
bxc6 18. Rfd1 Bf5 19. h3 Rd7 20. d5 cxd5 21. Nxd5 Nxd5
22. Rxd5 Rxd5 23. Bxd5 Rd8 24. Rd1 Rd7 25. Bb3 Rxd1+ 26. Bxd1
Qg5 27. Qe3 Qf6 28. Qd2 Bg6 29. Bb3 Kh7 30. Qc3 Qd6 31. Qa5
Qd4 32. Qc3 Qd7 33. Qe3 f5 34. g3 Bh5 35. g4 Bg6 36. gxf5 Bxf5
37. Bc2 Qe6 38. h4 Qg6+ 39. Qg3 Qc6 40. Qc3 Qg6+ 41. Qg3 Qc6
42. Qc3 Qd6 43. Qg3 Qd2 44. Qe5 Bg6 45. Bb3 h5 46. Qd5 Qxb2
47. Qg8+ Kh6 48. Qh8+ Bh7 49. Bg8 Qb1+ 50. Kh2 e3 51. fxe3
Qb8+ 0-1